000 00763nam a2200289Ia 4500
003 OSt
005 20220926012140.0
006 a|||||r|||| 00| 0
007 ta
008 220923b |||||||| |||| 00| 0 eng d
020 _a1859739334
037 _cGeneral Book
040 _aRTL
_cRTL
_beng
041 _2eng
_aeng
082 _aX:3M24xM18:g(N), N8
100 _aDoy Gen
_9146975
245 0 _aMaterializing art history
260 _aNew York
_bBerg
_c1998
300 _axii, 271p
_ccm.
490 _aMaterializing Culture
500 _aBibliography: P 261-65
650 _a Classics
650 _a Karl Marx
650 _aEconomics
942 _hX:3M24xM18:g(N), N8
_cGB
_2CC
999 _c621886
_d621886